The Big Book Of Meeting Games : (Record no. 586459)

MARC details
000 -LEADER
fixed length control field 00427nam a2200169 a 4500
008 - FIXED-LENGTH DATA ELEMENTS--GENERAL INFORMATION
fixed length control field 250910s2004##################000#0#eng##
020 ## - INTERNATIONAL STANDARD BOOK NUMBER
ISBN 9780070590441
082 04 - DEWEY DECIMAL CLASSIFICATION NUMBER
Classification number 790.1
Item number CAR
100 1# - MAIN ENTRY--AUTHOR NAME
Personal name Caroselli,
245 10 - TITLE STATEMENT
Title The Big Book Of Meeting Games :
260 ## - PUBLICATION, DISTRIBUTION, ETC. (IMPRINT)
Name of publisher Tata McGraw-Hill Education,
Year of publication 2004.
942 ## - ADDED ENTRY ELEMENTS (KOHA)
Koha item type English Books
Holdings
Withdrawn status Lost status Damaged status Not for loan Home library Current library Shelving location Date acquired Full call number Accession Number Price effective from Koha item type
        Anna Centenary Library Anna Centenary Library 6TH FLOOR, B WING 10.09.2025 790.1 CAR 255412 10.09.2025 English Books

Find us on the map